La nueva visión y reseña de un artista
שמור ב:
| מחבר ראשי: | |
|---|---|
| פורמט: | ספר |
| שפה: | ספרדית |
| יצא לאור: |
Buenos Aires
Infinito
1963
|
| סדרה: | Biblioteca de Diseño y Artes Visuales, 2
|
| נושאים: | |
| תגים: |
הוספת תג
אין תגיות, היה/י הראשונ/ה לתייג את הרשומה!
|
MARC
| LEADER | 00000nam a2200000 a 4500 | ||
|---|---|---|---|
| 001 | UCY2941 | ||
| 003 | CL-VaPUC | ||
| 008 | 941129e19630000AG |||||||||||||||||spa|d | ||
| 082 | 0 | 4 | |a 709.04 |b MOH |2 21 |
| 100 | |a Moholy-Nagy, László |e autor |9 565109 | ||
| 245 | 1 | 3 | |a La nueva visión y reseña de un artista |
| 300 | |a 190 p | ||
| 942 | |c BK | ||
| 945 | |d 19941129 00:00:00 |a mfernand | ||
| 260 | |a Buenos Aires |b Infinito |c 1963 | ||
| 650 | 0 | |a Arte moderno |9 265333 | |
| 650 | 0 | |a Arte |y Siglo 20 |9 267709 | |
| 583 | |a last modification |c 20121002 01:43:37 |k Rodrigo Vera | ||
| 490 | 0 | |a Biblioteca de Diseño y Artes Visuales, 2 | |
| 999 | |c 231207 |d 231205 | ||
| 952 | |0 0 |1 0 |4 0 |6 709_040000000000000_MOH_1963 |7 0 |8 A |9 234103 |a BIBARQ |b BIBARQ |d 2019-11-15 |i 3040321 |o 709.04 MOH 1963 |p 3040321 |r 2025-01-20 |w 2019-11-15 |y BK |k ARQ | ||
| 952 | |0 0 |1 0 |4 0 |6 709_040000000000000_MOH_1963 |7 0 |8 A |9 234104 |a BIBHIS |b BIBHIS |d 2019-11-15 |i 3089398 |o 709.04 MOH 1963 |p 3089398 |r 2025-01-20 |w 2019-11-15 |y BK |k HIS | ||
| 952 | |0 0 |1 0 |4 0 |6 709_040000000000000_MOH_1963 |7 0 |8 A |9 234105 |a BIBARQ |b BIBARQ |d 2019-11-15 |i 2666804 |o 709.04 MOH 1963 |p 2666804 |r 2025-01-20 |w 2019-11-15 |y BK |k ARQ | ||